A balra kihelyezés optimalitáselméleti megközelítése
Elmentve itt :
| Szerző: | |
|---|---|
| Testületi szerző: | |
| Dokumentumtípus: | Könyv része |
| Megjelent: |
2008
|
| Sorozat: | LingDok : nyelvész-doktoranduszok dolgozatai
LingDok 7. |
| Kulcsszavak: | Nyelvészet |
| Tárgyszavak: | |
| Online Access: | http://acta.bibl.u-szeged.hu/62922 |
| LEADER | 00823naa a2200229 i 4500 | ||
|---|---|---|---|
| 001 | acta62922 | ||
| 005 | 20220110103827.0 | ||
| 008 | 191128s2008 hu o 0|| hun d | ||
| 022 | |a 2416-0601 | ||
| 040 | |a SZTE Egyetemi Kiadványok Repozitórium |b hun | ||
| 041 | |a hun | ||
| 100 | 1 | |a Nagy Gizella Mária | |
| 245 | 1 | 2 | |a A balra kihelyezés optimalitáselméleti megközelítése |h [elektronikus dokumentum] / |c Nagy Gizella Mária |
| 260 | |c 2008 | ||
| 300 | |a 137-155 | ||
| 490 | 0 | |a LingDok : nyelvész-doktoranduszok dolgozatai | |
| 490 | 0 | |a LingDok 7. | |
| 650 | 4 | |a Bölcsészettudományok | |
| 650 | 4 | |a Nyelvek és irodalom | |
| 695 | |a Nyelvészet | ||
| 710 | |a Országos Nyelvészeti Doktorandusz Konferencia (10.) (2006) (Szeged) | ||
| 856 | 4 | 0 | |u http://acta.bibl.u-szeged.hu/62922/1/lingdok_007_137-155.pdf |z Dokumentum-elérés |